LIBRARY & INFORMATION CENTRE, KCAET, TAVANUR

ONLINE PUBLIC ACCESS CATALOGUE (OPAC)

Agricultural Marketing(New Trend and Techniques) (Record no. 14430)

MARC details
000 -LEADER
fixed length control field 00299nam a22001217a 4500
020 ## - INTERNATIONAL STANDARD BOOK NUMBER
ISBN 9789380929446
082 ## - DEWEY DECIMAL CLASSIFICATION NUMBER
Classification number 630.33
Item number TIW/AG
100 ## - MAIN ENTRY--AUTHOR NAME
Personal name Tiwari,K.K
245 ## - TITLE STATEMENT
Title Agricultural Marketing(New Trend and Techniques)
260 ## - PUBLICATION, DISTRIBUTION, ETC. (IMPRINT)
Place of publication Jaipur
Name of publisher DND Publications
Year of publication 2013
300 ## - PHYSICAL DESCRIPTION
Number of Pages 262
942 ## - ADDED ENTRY ELEMENTS (KOHA)
Koha item type Books
Holdings
Withdrawn status Lost status Damaged status Collection code Home library Current library Shelving location Date acquired Source of acquisition Cost, normal purchase price Full call number Accession Number Koha item type
        KAUAET KAUAET General Stacks 01/07/2016 Cosmo Book House, Thrissur. 975.00 630.33 TIW/AG 23974 Books
free website counter